LEADER 01270nas--2200433---450- 001 990001025580203316 005 20110404131817.0 011 $a1127-8196 035 $a0102558 035 $aUSA010102558 035 $a(ALEPH)000102558USA01 035 $a0102558 100 $a20020311d--------km-y0itay0103----ba 101 $aita 102 $aIT 110 $aau--------- 200 1 $aCiviltą fascista 210 $aRoma$cLe Monnier 215 $av.$d26 cm 326 $aMensile 421 $1001000196806 606 0 $aFascismo$xPeriodici 676 $a945.0915 712 2$aIstituto Nazionale Fascista di Cultura Editore 801 0$aIT$bsalbc$gISBD 912 $a990001025580203316 958 $aUMA$bFondo$cA.IX(1942)-A.X.(1943); 959 $aSE 979 $aPATTY$b90$c20020311$lUSA01$h1413 979 $c20020403$lUSA01$h1743 979 $aPATRY$b90$c20040406$lUSA01$h1711 979 $aSIAVER$b90$c20040831$lUSA01$h1341 979 $aSIAVER$b90$c20040831$lUSA01$h1341 979 $aVITTORIANA$b90$c20090709$lUSA01$h0935 979 $aVITTORIANA$b90$c20090709$lUSA01$h0938 979 $aVITTORIANA$b90$c20090709$lUSA01$h0939 979 $aVITTORIANA$b90$c20110404$lUSA01$h1318 996 $aCiviltą fascista$9796926 997 $aUNISA LEADER 01142nam 2200385 450 001 9910164218003321 005 20230809222714.0 010 $a1-4988-1503-0 035 $a(CKB)3710000001057494 035 $a(MiAaPQ)EBC4802754 035 $a(EXLCZ)993710000001057494 100 $a20170303h20172017 uy 0 101 0 $aeng 135 $aurcnu|||||||| 181 $2rdacontent 182 $2rdamedia 183 $2rdacarrier 200 10$aInfectious diseases of Yemen /$fStephen Berger 205 $a2017 edition. 210 1$aLos Angeles, California :$cGIDEON Informatics Inc.,$d2017. 210 4$d©2017 215 $a1 online resource (279 pages) $cillustrations (some color) 225 1 $aGideon E-Book Series 410 0$aGideon e-book series. 606 $aCommunicable diseases$xStatistics$vHandbooks, manuals, etc 615 0$aCommunicable diseases$xStatistics 676 $a614.0727 700 $aBerger$b Stephen$01210032 801 0$bMiAaPQ 801 1$bMiAaPQ 801 2$bMiAaPQ 906 $aBOOK 912 $a9910164218003321 996 $aInfectious diseases of Yemen$93413962 997 $aUNINA